Statistics for More Cliches

Click here to take the quiz!

General Stats

  • This quiz has been taken 135 times
  • The average score is 11 of 16

Answer Stats

HintAnswer% Correct
Don't let the ___ out of the bagcat
94%
It ain't over till the ___ ____ singsfat lady
90%
One foot in the _____grave
88%
The ___ is mightier than the swordpen
82%
Where there's a ____, there's a ___will; way
77%
_______ makes the heart grow fonderAbsence
71%
I heard it through the _________grapevine
71%
Star-_______ loverscrossed
71%
Another day another ______dollar
69%
Knock on ____wood
68%
Let ________ dogs liesleeping
62%
____-colored glassesRose
61%
Everything under the ___sun
61%
The ______ are on, but nobody's ____lights; home
58%
Quicker than a ___ ____ minuteNew York
33%
Wouldn't kick them out of bed for ______ _______eating crackers
11%

Score Distribution

Percentile by Number Answered

Percent of People with Each Score

Your Score History

You have not taken this quiz